[Event "RUS-chT U18"]
[Site "Sochi"]
[Date "2007.05.08"]
[Round "?"]
[White "Fedotov, Ivan"]
[Black "Truschin, M."]
[Result "1-0"]
[WhiteElo "1807"]
[BlackElo "1926"]
[PlyCount "81"]
[EventDate "2007.05.02"]
[EventType "team"]
[EventRounds "9"]
[EventCountry "RUS"]
[SourceTitle "CBM 118 Extra"]
[Source "ChessBase"]
[SourceDate "2007.07.04"]
[SourceVersion "1"]
[SourceVersionDate "2007.07.04"]
[SourceQuality "1"]

1. e4 e5 2. Nf3 Nc6 3. Bb5 a6 4. Ba4 Nf6 5. 0-0 b5 6. Bb3 Be7 7. Re1 d6 8. c3 0-0 9. h3 Na5 10. Bc2 c5 11. d4 Bb7 12. d5 Nc4 13. a4 Nb6 14. b3 h6 15. Qe2 bxa4 16. bxa4 Qc7 17. c4 Nh7 18. Nc3 Qd8 19. Rb1 Rb8 20. Bd2 Nd7 21. Nd1 Ng5 22. Ne3 g6 23. Nxg5 Bxg5 24. g3 Kh7 25. h4 Bxe3 26. Qxe3 h5 27. Qh6+ Kg8 28. Bg5 Qe8 29. Rb6 f6 30. Rxd6 Qf7 31. a5 Bc8 32. Ba4 Qg7 33. Bxd7 Bxd7 34. Qxg7+ Kxg7 35. Rxd7+ Rf7 36. Rxf7+ Kxf7 37. Be3 Rb4 38. Rc1 Ra4 39. Bxc5 Rxa5 40. Bb6 Ra4 41. c5 1-0